[Event "CUB-ch U18"]
[Site "Camaguey"]
[Date "2017.06.23"]
[Round "5.3"]
[White "Marrero Castellanos, Roisbel"]
[Black "Garcia Garcia, Alejandro"]
[Result "1/2-1/2"]
[WhiteElo "2318"]
[BlackElo "2256"]
[PlyCount "120"]
[EventDate "2017.06.21"]
[EventType "swiss"]
[EventRounds "9"]
[EventCountry "CUB"]
[SourceTitle "EXT 2023"]
[Source "ChessBase"]
[SourceDate "2022.10.05"]
[SourceVersion "1"]
[SourceVersionDate "2022.10.05"]
[SourceQuality "1"]

1. d4 Nf6 2. c4 g6 3. Nc3 Bg7 4. g3 0-0 5. Bg2 d6 6. Nf3 Nbd7 7. 0-0 e5 8. e4 exd4 9. Nxd4 Re8 10. h3 c6 11. Be3 Nc5 12. Qc2 Qe7 13. f3 Nh5 14. Nde2 Be6 15. g4 Nf6 16. b3 h5 17. g5 Nh7 18. f4 f5 19. gxf6 Nxf6 20. Bxc5 dxc5 21. Kh1 Nh7 22. Rad1 Rad8 23. Rxd8 Rxd8 24. Rd1 Rxd1+ 25. Nxd1 Qd7 26. Kh2 Nf8 27. Nf2 Bf7 28. Qd3 Qxd3 29. Nxd3 Nd7 30. e5 g5 31. fxg5 Bxe5+ 32. Nxe5 Nxe5 33. Nc3 h4 34. Ne4 b6 35. Nd6 Be6 36. Be4 Nf7 37. Nxf7 Kxf7 38. Kg2 b5 39. Bd3 a6 40. a3 Ke7 41. Kf3 Bxh3 42. Kf4 Be6 43. a4 bxa4 44. bxa4 a5 45. Be2 h3 46. Kg3 Bf5 47. Bf3 Kd6 48. Kh2 Bc2 49. Kxh3 Bxa4 50. g6 Bc2 51. g7 Bh7 52. Bd1 Bg8 53. Bb3 Ke5 54. Kg3 Kd4 55. Kf4 Kc3 56. Ba4 Kxc4 57. Ke5 Kb4 58. Bxc6 c4 59. Bd5 Bh7 60. Be4 Bg8 1/2-1/2

[Event "Guillermo Garcia Memorial op 26th"]
[Site "Santa Clara"]
[Date "2017.05.20"]
[Round "5"]
[White "Marrero Castellanos, Roisbel"]
[Black "Diaz Perez, Michel Alejandro"]
[Result "0-1"]
[WhiteElo "2307"]
[BlackElo "2402"]
[PlyCount "88"]
[EventDate "2017.05.16"]
[EventType "swiss"]
[EventRounds "9"]
[EventCountry "CUB"]
[SourceTitle "CBM 178 Extra"]
[Source "ChessBase"]
[SourceDate "2017.06.22"]
[SourceVersion "1"]
[SourceVersionDate "2017.06.22"]
[SourceQuality "1"]

1. d4 Nf6 2. c4 c5 3. d5 e6 4. Nc3 exd5 5. cxd5 d6 6. Nf3 g6 7. Bf4 Bg7 8. Qa4+ Bd7 9. Qb3 b5 10. Bxd6 Qb6 11. Be5 0-0 12. e3 c4 13. Qd1 b4 14. Ne2 Bb5 15. a3 Nbd7 16. Bd4 Qb7 17. axb4 Nxd5 18. Bc3 N7f6 19. Ned4 Ne4 20. Qc2 Rfe8 21. Be2 Bd7 22. 0-0 Nxb4 23. Bxb4 Qxb4 24. Bxc4 Rac8 25. b3 a5 26. Qe2 Bg4 27. Qd3 Bxf3 28. gxf3 Bxd4 29. exd4 Nd6 30. Ra4 Qb6 31. Rfa1 Nf5 32. Rxa5 Qf6 33. Kh1 Re7 34. Rxf5 gxf5 35. Rg1+ Kh8 36. d5 Rg8 37. f4 Rxg1+ 38. Kxg1 Re1+ 39. Kg2 Qg7+ 40. Qg3 Qd4 41. d6 Qd1 42. Qc3+ Kg8 43. Qg3+ Kf8 44. Kh3 Rg1 0-1

[Event "Chessung Elite"]
[Site "Guantanamo"]
[Date "2017.02.19"]
[Round "6.3"]
[White "Marrero Castellanos, Roisbel"]
[Black "Martinez Ramirez, Lennis"]
[Result "0-1"]
[WhiteElo "2344"]
[BlackElo "2366"]
[PlyCount "72"]
[EventDate "2017.02.16"]
[EventType "tourn"]
[EventRounds "10"]
[EventCountry "CUB"]
[EventCategory "6"]
[SourceTitle "EXT 2023"]
[Source "ChessBase"]
[SourceDate "2022.10.05"]
[SourceVersion "1"]
[SourceVersionDate "2022.10.05"]
[SourceQuality "1"]

1. d4 Nf6 2. c4 e6 3. Nc3 Bb4 4. e3 Bxc3+ 5. bxc3 0-0 6. Bd3 d6 7. Ne2 c5 8. 0-0 Nc6 9. e4 e5 10. d5 Na5 11. Ng3 b6 12. Qe2 Re8 13. Bd2 Rb8 14. Rae1 Nd7 15. Nh1 Nf8 16. f3 Qd7 17. g3 Qa4 18. f4 Nd7 19. f5 f6 20. g4 Ba6 21. g5 Bxc4 22. Rf3 Qxa2 23. g6 h6 24. Ng3 Bxd3 25. Qxd3 c4 26. Qe3 Nb3 27. Re2 Qa3 28. Ref2 Nxd2 29. Qxd2 Nc5 30. Kg2 Re7 31. Re2 Nb3 32. Qe1 a5 33. Rc2 Qa4 34. Qf2 Nc5 35. Ra2 Qb5 36. Nh5 Nxe4 0-1

[Event "Chessung Elite"]
[Site "Guantanamo"]
[Date "2017.02.18"]
[Round "4.2"]
[White "Fernandez de La Vara, Arnaldo"]
[Black "Marrero Castellanos, Roisbel"]
[Result "1/2-1/2"]
[WhiteElo "2406"]
[BlackElo "2344"]
[PlyCount "26"]
[EventDate "2017.02.16"]
[EventType "tourn"]
[EventRounds "10"]
[EventCountry "CUB"]
[EventCategory "6"]
[SourceTitle "EXT 2023"]
[Source "ChessBase"]
[SourceDate "2022.10.05"]
[SourceVersion "1"]
[SourceVersionDate "2022.10.05"]
[SourceQuality "1"]

1. e4 c6 2. d4 d5 3. Nc3 dxe4 4. Nxe4 Bf5 5. Ng3 Bg6 6. h4 h6 7. h5 Bh7 8. Nf3 Nf6 9. Bd3 Bxd3 10. Qxd3 e6 11. Bf4 Qa5+ 12. Bd2 Qc7 13. 0-0-0 Nbd7 1/2-1/2

[Event "Chessung Elite"]
[Site "Guantanamo"]
[Date "2017.02.18"]
[Round "5.2"]
[White "Marrero Castellanos, Roisbel"]
[Black "Diaz Perez, Michel Alejandro"]
[Result "1-0"]
[WhiteElo "2344"]
[BlackElo "2399"]
[PlyCount "153"]
[EventDate "2017.02.16"]
[EventType "tourn"]
[EventRounds "10"]
[EventCountry "CUB"]
[EventCategory "6"]
[SourceTitle "EXT 2023"]
[Source "ChessBase"]
[SourceDate "2022.10.05"]
[SourceVersion "1"]
[SourceVersionDate "2022.10.05"]
[SourceQuality "1"]

1. Nf3 c5 2. c4 Nc6 3. g3 g6 4. Bg2 Bg7 5. Nc3 d6 6. 0-0 e5 7. a3 Nge7 8. b4 Be6 9. Ng5 Bxc4 10. d3 Be6 11. Nxe6 fxe6 12. bxc5 d5 13. Bh3 Qd7 14. e4 0-0 15. Qa4 Kh8 16. exd5 Nxd5 17. Ne4 h6 18. Bb2 Qe7 19. Qd1 Nf6 20. Bg2 Rad8 21. Rb1 Nd5 22. Qg4 Kh7 23. h4 b6 24. cxb6 axb6 25. Rfc1 Rc8 26. Nd2 Qf7 27. Rf1 Rcd8 28. Qe2 Rde8 29. Nc4 Qf6 30. Rbe1 Qd8 31. Nxe5 Nce7 32. d4 Nf5 33. h5 gxh5 34. Qxh5 Qg5 35. Qxg5 hxg5 36. Rc1 Rc8 37. Be4 Kg8 38. Bd3 Rfd8 39. Ba6 Rc7 40. Rfd1 Ra8 41. Rxc7 Nxc7 42. Bd3 Rd8 43. Bxf5 exf5 44. Nc6 Rd7 45. Re1 Bf6 46. Ne5 Rd5 47. Rc1 Nb5 48. Rc4 g4 49. Kg2 Nd6 50. Nd7 Bg7 51. Rb4 Nc8 52. Nxb6 Nxb6 53. Rxb6 Bxd4 54. Bxd4 Rxd4 55. Rb5 Ra4 56. Rxf5 Rxa3 57. Rf4 Kg7 58. Rxg4+ Kf6 59. Rf4+ Kg5 60. Rb4 Ra5 61. Kh3 Kh5 62. g4+ Kg6 63. f4 Ra6 64. Kh4 Rc6 65. Rb5 Ra6 66. f5+ Kh6 67. g5+ Kh7 68. Rb7+ Kh8 69. Kh5 Rc6 70. Rb8+ Kg7 71. f6+ Kf7 72. Rb7+ Kf8 73. Kg6 Rc8 74. Rh7 Kg8 75. f7+ Kf8 76. Rh8+ Ke7 77. Rxc8 1-0

[Event "Capablanca Memorial op 51st"]
[Site "Varadero"]
[Date "2016.06.09"]
[Round "1"]
[White "Marrero Castellanos, Roisbel"]
[Black "Fernandez de La Vara, Arnaldo"]
[Result "1/2-1/2"]
[WhiteElo "2305"]
[BlackElo "2417"]
[PlyCount "67"]
[EventDate "2016.06.09"]
[EventType "swiss"]
[EventRounds "10"]
[EventCountry "CUB"]
[SourceTitle "EXT 2017"]
[Source "ChessBase"]
[SourceDate "2016.10.25"]
[SourceVersion "1"]
[SourceVersionDate "2016.10.25"]
[SourceQuality "1"]

1. d4 Nf6 2. c4 e6 3. Nc3 Bb4 4. Qc2 0-0 5. Nf3 d5 6. cxd5 exd5 7. Bg5 h6 8. Bh4 g5 9. Bg3 Ne4 10. e3 c5 11. Bd3 g4 12. Ne5 Nxg3 13. hxg3 Qg5 14. a3 Ba5 15. Qd2 Be6 16. b4 cxb4 17. Ne2 Bc7 18. Qxb4 Bxe5 19. dxe5 Nc6 20. Qf4 Nxe5 21. Qxg5+ hxg5 22. Kd2 Nxd3 23. Kxd3 Kg7 24. Nd4 Rh8 25. Rxh8 Rxh8 26. Rc1 Kf6 27. Rc7 Rb8 28. Kc3 a6 29. Kb4 Ke5 30. Ka5 Rh8 31. Rxb7 Rh2 32. Rb2 Bc8 33. Rc2 Rh8 34. Rc7 1/2-1/2